00381nam a2200145Ia 4500008004100000020001500041082001700056100001300073245006700086250000900153260002500162300000800187500002400195650001600219230524s9999 xx 000 0 und d a0074517015 a621.381bJAI aR.P.Jain 0aDigital Electronics and Microprocessors Problems and Solutions a22TH aNEW DELHIbTMHc2005 a524 aQuantity Number: 2 aElectronics